000 00987cab a2200193 4500
001 ##L134069
008 060706n2006 000 0 eng u
035 _a(Sirsi) u134069
041 0 _aeng
100 1 _aRussell, Jonathan
245 0 0 _aMoney, money, money
260 _c2006
490 0 _aEstates Gazette
_v(0626) 1 July 2006, 63-66(4)
520 _aReports the findings of DTZ's "Money into property 2006" report, the 31st edition and the first to offer a global analysis. The flow of money into UK property trebled in 2005. There has also been a change in where it is coming from, with private equity, especially large retail funds, pushing into the market. The UK will remain the principle European real estate market for the foreseeable future, particularly with the introduction of a UK REIT in 2007. Graphs.
590 _aIKA180706
650 2 4 _aDTZ MONEY INTO PROPERTY
690 _aPROPERTY-COMMERCIAL PROPERTY-COMMERCIAL PROPERTY FINANCE AND INVESTMENT
942 _n0
999 _c77352
_d77352